| 000 | 00928cam a2200301 a 4500 | ||
|---|---|---|---|
| 999 |
_c2182 _d2182 |
||
| 001 | 772094 | ||
| 003 | OSt | ||
| 005 | 20230323091833.0 | ||
| 008 | 180725s2010 enka b 000 j eng d | ||
| 020 |
_a9781409520153 _q(pbk.) : |
||
| 040 |
_aTWTCL _beng _cTWTCL _eaacr _dKH8 |
||
| 041 | 0 | _aeng | |
| 042 | _anbic | ||
| 082 | 0 | _a823.92 MAC | |
| 100 | 1 |
_aMackinnon, Mairi. _eauthor |
|
| 245 | 1 | 0 |
_aLate night at the zoo / _cwritten by Mairi Mackinnon ; illustrated by John Joven. |
| 260 |
_aLondon : _bUsborne, _c2010. |
||
| 300 |
_a32 p. : _bcol. ill. ; _c20 cm. |
||
| 490 | 1 |
_aUsborne very first reading ; _v10. |
|
| 490 | 1 | _aMy first reading library. | |
| 650 | 0 |
_aZoos _xJuvenile fiction. |
|
| 650 | 0 |
_aZoo animals _xJuvenile fiction. |
|
| 650 | 0 |
_aPlay _xJuvenile fiction. |
|
| 700 | 1 |
_aJoven, John. _eillustrator |
|
| 830 | 0 | _aUsborne very first reading. | |
| 830 | 0 | _aMy first reading library. | |
| 942 |
_2ddc _cNFIC |
||